| 000 | 00436cam a22001337a 4500 | ||
|---|---|---|---|
| 008 | 180718b1952 xxu||||| |||| 00| 0 eng d | ||
| 082 | _aZx768 T256 | ||
| 100 | _aWengert, Norman I. | ||
| 245 |
_aValley of tomorrow: the TVA and agriculture _cby Norman I. Wengert |
||
| 260 |
_aKnoxville _bBureau of Public Administration _c1952 |
||
| 300 | _a151p. | ||
| 650 | _aAgriculture --Tennessee River Valley | ||
| 650 | _aTennessee Valley Authority | ||
| 999 |
_c501719 _d501719 |
||